Manažment oficiálnych devízových rezerv centrálnej banky diplomová práca

Uložené v:
Podrobná bibliografia
Hlavný autor: Valent, Maroš
Korporativný autor: Národohospodárska fakulta EU. Katedra bankovníctva a medzinárodných financií
Ďalší autori: Širaňová, Mária
Médium: Kniha
Jazyk:Slovak
Vydavateľské údaje: Bratislava 2015
Tagy: Pridať tag
Žiadne tagy, Buďte prvý, kto otaguje tento záznam!

MARC

LEADER 00000nbm a2200000 4500
001 0202498
005 20161212095316.5
041 0 |a slo 
044 |a SK 
245 1 0 |a Manažment oficiálnych devízových rezerv centrálnej banky  |b diplomová práca  |c Maroš Valent ; školiteľ: Mária Širaňová 
264 1 |a Bratislava  |c 2015 
300 |a 60 s. 
100 1 |a Valent, Maroš 
700 1 |a Širaňová, Mária 
710 2 |a Národohospodárska fakulta EU. Katedra bankovníctva a medzinárodných financií